LDR 00631nam a2200181 i 4500 001 000000103091 003 CaOOAMICUS 005 20260407163510.0 008 010914s1981 it u000 u ita u 040 $aSeMil$bita 245 10$a11: Moto-Orac. 300 $a1102 p. 773 0 $aBattaglia, Salvatore <1904-1971>$tGrande dizionario della lingua italiana.$dTorino : UTET, 1961-2009.$g11$w()6614 850 $aSeMil 852 $aSeMil$W1$xVenegono$y1$mSL1.A V 11$j269817$B59552$CSeMilBibl$Z2$F44041 $8I 961 $aSottoscrizione: UTET (Agente) 996 $6245$a11: Moto-Orac$9(OLS)http://semarc/title/149828